| 000 | nam a22 4500 | ||
|---|---|---|---|
| 999 |
_c29169 _d29169 |
||
| 008 | 171110b xxu||||| |||| 00| 0 eng d | ||
| 020 | _a9780194799515 (paperback). | ||
| 020 | _a9780194798808 (paperback and DVD pack). | ||
| 020 | _a9780194798877 (paperback in pack). | ||
| 020 | _a9780194798938 (DVD in pack). | ||
| 050 | _aREF PE 1628 .H67 2015 | ||
| 100 | _aHornby, A. S. | ||
| 245 |
_aOxford advanced learner's dictionary of current English / _cA. S. Hornby |
||
| 250 | _a9th ed. | ||
| 260 |
_aOxford : _bOxford University Press, _c2015. |
||
| 300 |
_axi, 1755p. : _bill. ; _c22 cm. |
||
| 650 |
_aEnglish language _vDictionaries. |
||
| 650 |
_aEnglish language _vNew words _xDictionaries. |
||
| 942 |
_2lcc _cREF_BOOK _hREF PE 1628 .H67 2015 |
||